مكتبة جامعة عجلون الوطنية

فهرس بحث المكتبة

Normal view MARC view
  • الفراء، أبي زكريا يحيى بن زياد 144-207 هجري؛ تحقيق وتقديم وتعليق رمضان عبد التواب

Entry Personal Name

Number of records used in: 1

001 - CONTROL NUMBER

  • control field: 19118

003 - CONTROL NUMBER IDENTIFIER

  • control field: JO-AjAnu

005 - DATE AND TIME OF LATEST TRANSACTION

  • control field: 20230606073339.0

008 - FIXED-LENGTH DATA ELEMENTS

  • fixed length control field: 230606|| aca||aabn | a|a d

040 ## - CATALOGING SOURCE

  • Original cataloging agency: JO-AjAnu
  • Transcribing agency: JO-AjAnu

100 ## - HEADING--PERSONAL NAME

  • Personal name: الفراء، أبي زكريا يحيى بن زياد 144-207 هجري؛ تحقيق وتقديم وتعليق رمضان عبد التواب

670 ## - SOURCE DATA FOUND

  • Source citation: Work cat.: (JO-AjAnu)9810: الفراء، أبي زكريا يحيى بن زياد 144-207 هجري؛ تحقيق وتقديم وتعليق رمضان عبد التواب, author, المذكر والمؤنث لأبي زكريا يحيى بن زياد الفراء 144-207 هجري